000 00997ngm a22003610a 4500
001 PT52972
003 AR-LpoUNG
005 20210201232351.0
007 co ||u|||uuuuu
008 191001s2008||||xxu|||||||||||||||||eng d
040 _aAR-LpoUNG
_bspa
_cAR-LpoUNG
_eaacr
041 _aeng
044 _axxu
082 0 _a910.011 3 73pla
100 1 _aHillier, Amy
_eed.
245 1 0 _aPlacing history :
_bhow maps, spatial data, and GIS are changing historical scholarship
260 _aNew York :
_bEsri,
_c2008.
505 0 _aAcompaƱa el impreso
650 4 _aANALISIS DE LA INFORMACION
650 4 _aCIENCIA Y TECNOLOGIA
650 4 _aCONCEPTOS GEOGRAFICOS
650 4 _aGEODESIA
650 4 _aGEOGRAFIA
650 4 _aMAPAS
650 4 _aPROCESAMIENTO DE DATOS
650 4 _aREGIONES GEOGRAFICAS
650 4 _aSISTEMAS DE INFORMACION GEOGRAFICA
651 4 _aDOCUMENTOS TEORICOS O METODOLOGICOS
653 _aGIS
653 _aSIG
905 _a52972
942 _cCDDVD
999 _c53501
_d53501